| 000 | 00960 a2200253 4500 | ||
|---|---|---|---|
| 005 | 2008092508118.0 | ||
| 008 | 080925t xxu||||| |||| 00| 0 eng d | ||
| 010 | _aENG-91760 | ||
| 020 |
_a9788131304617 _c695.00 |
||
| 035 | _aEN-75293 | ||
| 037 | _bDBAD / PUB | ||
| 040 |
_adpl _bEnglish |
||
| 082 | _a338.040954 | ||
| 100 | _aDesai, Arvindrai N. | ||
| 245 |
_aEnvironment and entrepreneur / _cby Arvindrai N. Desai |
||
| 260 |
_aNew Delhi _bAPH Publishing House _c2009 |
||
| 270 |
_a4435-36/7, Ansar Road, Daryaganj, _bNew Delhi _e110002 |
||
| 300 |
_axi, 247p. _c23cm (Hb ) |
||
| 500 | _aIncludes bibliographical references and index | ||
| 650 | _aEntrepreneurship | ||
| 650 |
_aEntrepreneurship _zIndia |
||
| 942 |
_adpl _cEN _2ddc _mDES _h338.040954 |
||
| 999 |
_c19001 _d19001 |
||